The International Rice Research Institute annual report for 1974

Uloženo v:
Podrobná bibliografie
Médium: Kniha
Jazyk:Undetermined
Vydáno: Philippines IRRI 1975
Témata:
Tagy: Přidat tag
Žádné tagy, Buďte první, kdo otaguje tento záznam!
Thư viện lưu trữ: Trung tâm Học liệu Trường Đại học Cần Thơ
LEADER 00433nam a2200157Ia 4500
001 CTU_38640
008 210402s9999 xx 000 0 und d
082 |a 633.18 
082 |b I71/74 
245 4 |a The International Rice Research Institute annual report for 1974 
260 |a Philippines 
260 |b IRRI 
260 |c 1975 
650 |a rice 
904 |i Liên, 990610 
980 |a Trung tâm Học liệu Trường Đại học Cần Thơ